LEADER 01144nam a2200241 i 4500 001 000000236874 003 CaOOAMICUS 005 20141212000000.0 008 141212s1971 it u000 u ita u 013 $a215779 040 $aSeMil$bita 100 1 $aMosconi, Natale.$0(OLS)http://semarc/name/55557 245 13$aLa Sacra Eucaristia e i nostri problemi :$bLettera pastorale per il 1971 /$cMons. Natale Mosconi, Arcivescovo di Ferrara. 260 $aRovigo :$bIstituto Padano Arti Grafiche,$c1971. 300 $a23 p. :$bill. ;$c25 cm. 500 $aFondo Card. Giovanni Colombo. - Rilegato con : Ferrara : per l'Ottavo Centenario del Sangue Prodigioso : 1171-1971. 650 4$aMosconi, Natale - Raccolta di omelie.$0(OLS)http://semarc/subject/42015 850 $aSeMil 852 $aSeMil$W1$xVenegono$y1$m5D XI 14/26$j187220$B187220$CSeMilBibl$Z2$F198083 $81 941 1 $a3 961 $aLascito: Colombo Card. Giovanni 996 $6245$aLa Sacra Eucaristia e i nostri problemi :$bLettera pastorale per il 1971$9(OLS)http://semarc/title/337560 996 $6260$aRovigo :$bIstituto Padano Arti Grafiche$9(OLS)http://semarc/publisher/31701 LEADER 01274nam a2200277 i 4500 001 000000051525 003 CaOOAMICUS 005 20130919000000.0 008 130919s1978 it u000 u ita u 013 $a22697 040 $aSeMil$bita 100 1 $aBalducci, Ernesto,$c.$0(OLS)http://semarc/name/2370 245 10$aDio in pubblico :$bil dibattito su fede e politica in Italia /$cErnesto Balducci ... [et al.] ; a cura di Giovanni Bianchi ; Bibliografia a cura di Renzo Salvi. 260 $aBrescia :$bQueriniana,$ccopyr. 1978. 300 $a366 p. ;$c20 cm. 490 0 $aGiornale di teologia ;$v107 500 $aContiene : Bibliografia. 650 4$aFede e politica.$0(OLS)http://semarc/subject/2636 700 1 $aSalvi, Renzo.$0(OLS)http://semarc/name/25468 700 1 $aBianchi, Giovanni,$d<1939-2017>.$0(OLS)http://semarc/name/90626 830 0$aGiornale di teologia ;$v107.$0(OLS)http://semarc/title/419620 850 $aSeMil 852 $aSeMil$W1$xVenegono$y1$m2XA G 107$j236855$B17680$CSeMilBibl$Z2$F17681 $81 961 $aAcquisto: Casa editrice 996 $6245$aDio in pubblico :$bil dibattito su fede e politica in Italia$9(OLS)http://semarc/title/78944 996 $6260$aBrescia :$bQueriniana$9(OLS)http://semarc/publisher/29615